Countries that begin with B - Statistics

General Stats
  • This quiz has been taken 35 times
  • The average score is 13 of 17
Answer Stats
Answer % Correct
Bahamas
94%
Belgium
90%
Bolivia
90%
Barbados
87%
Brazil
84%
Belize
81%
Botswana
81%
Burundi
81%
Belarus
74%
Brunei
74%
Benin
71%
Bhutan
71%
Bosnia
71%
Bulgaria
71%
Bahrain
65%
Burkina Faso
55%
Bangladesh
26%
No matching quizzes found
Score Distribution
Percent of People with Each Score
Percentile by Number Answered
Your Score History
You have not taken this quiz